Music Quiz

Random Music or Bands Quiz
Score 0/40 Timer 03:00
10 Plays Today
% Correct
1990s
78.3%
2000s
77%
1970s
76.5%
1970s
76.5%
1980s
74.3%
1980s
73%
2000s
72.8%
1970s
71.8%
1980s
70.8%
1970s
69.9%
1970s
69.3%
1980s
69%
1980s
68.3%
2000s
67.6%
1990s
67.1%
2000s
66.9%
2000s
66.1%
1990s
65.8%
2000s
65.5%
1970s
65%
% Correct
1990s
63.1%
1980s
62.4%
2000s
61.8%
1980s
61.6%
1970s
61.5%
1970s
60.8%
1990s
60.6%
1990s
60.1%
1980s
60%
1980s
57.5%
1990s
56.1%
1990s
52.6%
1980s
47.8%
1990s
47.7%
1990s
43.8%
1970s
43.3%
2000s
42.1%
1970s
36.4%
2000s
34%
2000s
32%

You're not logged in!

Compare scores with friends on all Sporcle quizzes.
OR
Log In

Sporcle TV

Today on Sporcle TV


Watch our educational content, quiz creation guides, and fun videos on Sporcle TV.

Show Comments

Extras

Top Quizzes Today


Score Distribution

Paid Content

Your Account Isn't Verified!

In order to create a playlist on Sporcle, you need to verify the email address you used during registration. Go to your Sporcle Settings to finish the process.

Report this User

Report this user for behavior that violates our Community Guidelines.

Details: